000 00812nam a22001337a 4500
040 _cRUA
082 _aANS SRE 2014 B445 Or.1
100 _aSREY VITOU; ស្រី វិទូ
245 _aSurvey on pig feeding of crossbred pigs in cp km99 at kampong speu province; ការអង្កេតលើការចិញ្ចឹមជ្រូកសាច់ចាប់ពី ៣០គីឡូក្រាម រហូតដល់ពិឃាដនៅកសិដ្ឋាន ក្រុមហ៊ុន ស៊ី. ភី គីឡូម៉ែត្រលេខ ៩៩ក្នុងខេត្តកំពង់ស្ពឺ
260 _aPhnom Penh
_bRUA
_c2014
300 _ax;49p.
_bill.
_c29cm.
856 _uhttps://drive.google.com/file/d/1iSEscpetlRoFfRZECvVKPNQaf2KfpxIg/view?usp=sharing
942 _cANS
999 _c7379
_d7379